Zdokonaľovanie riadiacej práce v JRD a ŠM záverečná správa SPEV 903 529 305 - 01/02. 4
Salvato in:
| Autore principale: | |
|---|---|
| Altri autori: | , |
| Natura: | Libro |
| Lingua: | slovacco |
| Pubblicazione: |
Bratislava
Výskumný ústav ekonomiky poľnohospodárstva a potravinárstva
1983
|
| Tags: |
Nessun Tag, puoi essere il primo ad aggiungerne!!
|
MARC
| LEADER | 00000nam a2200000 4500 | ||
|---|---|---|---|
| 001 | c115635 | ||
| 005 | 20210820124459.6 | ||
| 041 | 0 | |a slo | |
| 044 | |a SK | ||
| 245 | 1 | 0 | |a Zdokonaľovanie riadiacej práce v JRD a ŠM |b záverečná správa SPEV 903 529 305 - 01/02. 4 |c Eva Baumgartnerová, Eugen Horváth, Mária Gubová |
| 264 | 1 | |a Bratislava |b Výskumný ústav ekonomiky poľnohospodárstva a potravinárstva |c 1983 | |
| 300 | |a 37, 34 s. | ||
| 100 | 1 | |a Baumgartnerová, Eva | |
| 700 | 1 | |a Horváth, Eugen | |
| 700 | 1 | |a Gubová, Mária | |